000
00282 a2200085 4500
020
_a
9789395664356
100
_a
Soni S.
_9
211652
245
_a
भारताची उज्ज्वल विज्ञान परंपरा
260
_b
Bharatiya Vichar Sadhana Pune Prakashan
_c
2024
999
_c
365611
_d
365611